[Event "ITA-ch (Women)"]
[Site "Bratto"]
[Date "2008.08.28"]
[Round "7"]
[White "Zanaboni, Alessandra"]
[Black "Monticone, Sonia"]
[Result "1/2-1/2"]
[WhiteElo "1581"]
[BlackElo "1787"]
[PlyCount "65"]
[EventDate "2008.08.22"]
[EventType "swiss"]
[EventRounds "9"]
[EventCountry "ITA"]
[SourceTitle "CBM 126 Extra"]
[Source "ChessBase"]
[SourceDate "2008.11.05"]
[SourceVersion "1"]
[SourceVersionDate "2008.11.05"]
[SourceQuality "1"]

1. e4 c5 2. c3 e6 3. d4 d5 4. e5 a6 5. Nf3 Nc6 6. Bd3 cxd4 7. cxd4 Bb4+ 8. Bd2 Nge7 9. Bxb4 Nxb4 10. Be2 0-0 11. 0-0 Ng6 12. Qd2 Nc6 13. Nc3 b5 14. Rfc1 Bb7 15. Rc2 Qb6 16. Nd1 Nge7 17. Ne3 Rfc8 18. Rac1 Ng6 19. a3 Na5 20. Rxc8+ Bxc8 21. Rc3 Nc4 22. Qc1 Qd8 23. b3 Nxe3 24. fxe3 Bb7 25. Ne1 Ne7 26. Bd3 Rc8 27. Bb1 Rxc3 28. Qxc3 g6 29. Nd3 Kg7 30. Nf2 h5 31. Nh3 Nc6 32. b4 Qh4 33. Qc1 1/2-1/2

[Event "ITA-ch (Women)"]
[Site "Bratto"]
[Date "2008.08.27"]
[Round "6"]
[White "Greco, Sara"]
[Black "Zanaboni, Alessandra"]
[Result "1-0"]
[WhiteElo "1715"]
[BlackElo "1581"]
[PlyCount "41"]
[EventDate "2008.08.22"]
[EventType "swiss"]
[EventRounds "9"]
[EventCountry "ITA"]
[SourceTitle "CBM 126 Extra"]
[Source "ChessBase"]
[SourceDate "2008.11.05"]
[SourceVersion "1"]
[SourceVersionDate "2008.11.05"]
[SourceQuality "1"]

1. e4 c5 2. Nf3 d6 3. d4 cxd4 4. Nxd4 e6 5. Nc3 Nf6 6. Be3 Be7 7. Be2 Nc6 8. 0-0 0-0 9. f4 d5 10. e5 Nd7 11. Nb3 a6 12. Rf3 b6 13. a3 Nc5 14. Nd4 Bb7 15. Rh3 Nxd4 16. Bxd4 Nd7 17. Bd3 h6 18. Qg4 Kh8 19. Rh5 Rg8 20. Qh3 Nf8 21. Rxh6+ 1-0

[Event "ITA-ch (Women) 33rd"]
[Site "Bratto"]
[Date "2006.08.26"]
[Round "8"]
[White "Zanaboni, Alessandra"]
[Black "Chiarion, Elisa"]
[Result "1/2-1/2"]
[WhiteElo "1617"]
[BlackElo "1636"]
[PlyCount "124"]
[EventDate "2006.08.19"]
[EventType "swiss"]
[EventRounds "9"]
[EventCountry "ITA"]
[SourceTitle "CBM 113 Extra"]
[Source "ChessBase"]
[SourceDate "2006.09.14"]
[SourceVersion "1"]
[SourceVersionDate "2006.09.14"]
[SourceQuality "1"]

1. e4 c5 2. c3 d6 3. d4 Nf6 4. Bd3 cxd4 5. cxd4 g6 6. f4 Bg7 7. Nf3 0-0 8. 0-0 Nfd7 9. Nc3 Nc6 10. Be3 Nb4 11. Bb1 Nb6 12. Qb3 Nc6 13. Ng5 Nxd4 14. Bxd4 Bxd4+ 15. Kh1 e6 16. Bc2 Bd7 17. Ne2 Ba4 18. Qh3 h5 19. Nxd4 Qf6 20. Bxa4 Nxa4 21. Ndf3 Qxf4 22. g3 Qg4 23. Qg2 e5 24. h3 Qd7 25. Nh4 Qe7 26. Qd2 Nxb2 27. Rf2 Nc4 28. Qc1 Rac8 29. Ngf3 Nb6 30. Qh6 Qf6 31. Ng5 Qg7 32. Qxg7+ Kxg7 33. Raf1 Kg8 34. Rxf7 Rxf7 35. Rxf7 Rc1+ 36. Kg2 Rc2+ 37. Rf2 Rxf2+ 38. Kxf2 Kg7 39. Ne6+ Kf6 40. Nd8 d5 41. exd5 Nxd5 42. Nxb7 Nc3 43. a3 Ne4+ 44. Kg2 Nd2 45. Nc5 Nc4 46. a4 g5 47. Nf3 Kf5 48. Kf2 e4 49. Ne1 Ke5 50. Nc2 Kd5 51. Nb3 Ne5 52. Ne3+ Kd6 53. Nd4 a6 54. Ndf5+ Kc5 55. Ng7 Kb4 56. Nxh5 Kxa4 57. h4 gxh4 58. gxh4 Nf3 59. Nf5 Kb5 60. Nf6 a5 61. h5 a4 62. h6 Ng5 1/2-1/2

[Event "ITA-ch (Women)"]
[Site "Bratto"]
[Date "2005.08.24"]
[Round "5"]
[White "Zanaboni, Alessandra"]
[Black "Rigo, Caterina"]
[Result "1-0"]
[WhiteElo "1599"]
[BlackElo "1718"]
[PlyCount "52"]
[EventDate "2005.08.20"]
[EventType "swiss"]
[EventRounds "9"]
[EventCountry "ITA"]
[SourceTitle "CBM 108 Extra"]
[Source "ChessBase"]
[SourceDate "2005.11.04"]
[SourceVersion "1"]
[SourceVersionDate "2005.11.04"]
[SourceQuality "1"]

1. e4 d6 2. d4 Nf6 3. Nc3 g6 4. f4 Bg7 5. Nf3 Nbd7 6. Bd3 0-0 7. 0-0 c5 8. e5 Ng4 9. Ng5 cxd4 10. Nce4 Ne3 11. Bxe3 dxe3 12. Qg4 dxe5 13. Qh4 h6 14. Bc4 e6 15. Rad1 a6 16. fxe5 Qb6 17. Kh1 Nxe5 18. Nf6+ Kh8 19. Be2 Qxb2 20. Ngh7 Qb6 21. Nxf8 Bxf8 22. g4 Bg7 23. Ne8 Qc6+ 24. Kg1 g5 25. Rd8 gxh4 26. Nf6+ Bf8 1-0

[Event "ITA-ch (Women)"]
[Site "Bratto"]
[Date "2005.08.21"]
[Round "2"]
[White "Zanaboni, Alessandra"]
[Black "Lai, Silvia"]
[Result "1-0"]
[WhiteElo "1599"]
[BlackElo "1748"]
[PlyCount "39"]
[EventDate "2005.08.20"]
[EventType "swiss"]
[EventRounds "9"]
[EventCountry "ITA"]
[SourceTitle "CBM 108 Extra"]
[Source "ChessBase"]
[SourceDate "2005.11.04"]
[SourceVersion "1"]
[SourceVersionDate "2005.11.04"]
[SourceQuality "1"]

1. e4 d5 2. exd5 Qxd5 3. d4 Nf6 4. Nc3 Qd6 5. Nb5 Qd8 6. Bf4 Nd5 7. Be5 a6 8. Na3 e6 9. Nc4 Nc6 10. Nf3 f6 11. Bg3 b5 12. Ncd2 Bd6 13. Ne4 Bxg3 14. Nxg3 Nb6 15. c3 0-0 16. Bd3 Bb7 17. 0-0 Qd6 18. Ne4 Qd5 19. Nc5 Ne5 20. Be4 1-0